| 000 | 00780nam a2200241Ia 4500 | ||
|---|---|---|---|
| 003 | GCL | ||
| 008 | 140319s9999 xx 000 0 ara d | ||
| 040 |
_aGCL / _cGCL |
||
| 082 | 0 | 4 |
_a691.3 _bا ت |
| 100 | 1 | _aاحمد على العريان | |
| 245 | 1 | 0 |
_aتكنولوجيا الخرسانة: مواد الخرسانة المسلحة وصناعتها / _cاحمد على العريان |
| 700 | 1 | _aعبدالكريم محمد عطا | |
| 260 |
_a[S.N] : _bعالم الكتب الحديث ، _c1972 |
||
| 300 | _aمتعدد | ||
| 490 | _a | ||
| 650 | 0 | 4 | _aالخرسانة المسلحة |
| 650 | 0 | 4 | _aالانشاءات |
| 650 | 0 | 4 | _aالاساسات |
| 650 | 0 | 4 | _aالخرسانة |
| 650 | 0 | 4 | _aمواد البناء |
| 650 | 0 | 4 | _aمواصفات |
| 942 |
_2ddc _cBK |
||
| 999 |
_c33054 _d33054 |
||